000
00286nam a22001337a 4500
008
181217b xxu||||| |||| 00| 0 eng d
020
_a
9780871013514
041
_a
eng
080
_a
159.9
100
_a
49
101
_a
psi
245
_a
Women At Midle
_c
Humter S
942
_2
udc
_c
BK
999
_c
53187
_d
53187